Wilhelm Busch (Record no. 7481)

MARC details
000 -CABECERA
campo de control de longitud fija 00655nam a2200229 a 4500
001 - NÚMERO DE CONTROL
campo de control BRCA_7807
005 - FECHA Y HORA DE LA ÚLTIMA TRANSACCIÓN
campo de control 20190320210014.0
008 - DATOS DE LONGITUD FIJA--INFORMACIÓN GENERAL
campo de control de longitud fija 161013s1958----sz-ac#####---#000-0#ger-#
041 ## - CÓDIGO DE LENGUA
Código de lengua del texto/banda sonora o título independiente ger
044 ## - CÓDIGO DEL PAÍS DE LA ENTIDAD EDITORA/PRODUCTORA
Código MARC del país sz
050 #4 - SIGNATURA TOPOGRÁFICA DE LA BIBLIOTECA DEL CONGRESO
Número de clasificación ND588.B8
Número de documento/Ítem .B64 1958
100 1# - ENTRADA PRINCIPAL--NOMBRE DE PERSONA
Nombre de persona Bohne, Friedrich
9 (RLIN) 9377
245 10 - MENCIÓN DE TÍTULO
Título Wilhelm Busch
Resto del título Leben. Werk Schicksal
Mención de responsabilidad, etc. Friedrich Bohne.
260 ## - PUBLICACIÓN, DISTRIBUCIÓN, ETC.
Lugar de publicación, distribución, etc. Zúrich, Suiza
Nombre del editor, distribuidor, etc. Fretz & Wasmuth
Fecha de publicación, distribución, etc. c1958
300 ## - DESCRIPCIÓN FÍSICA
Extensión 307 p.
Otras características físicas il. a color, láminas, retratos
Dimensiones 26 cm.
500 ## - NOTA GENERAL
Nota general X89
600 14 - PUNTO DE ACCESO ADICIONAL DE MATERIA--NOMBRE DE PERSONA
Nombre de persona Busch, Wilhelm
Fechas asociadas al nombre 1832-1908
9 (RLIN) 19339
650 14 - PUNTO DE ACCESO ADICIONAL DE MATERIA--TÉRMINO DE MATERIA
Término de materia o nombre geográfico como elemento de entrada Pintores alemanes
9 (RLIN) 797
650 14 - PUNTO DE ACCESO ADICIONAL DE MATERIA--TÉRMINO DE MATERIA
Término de materia o nombre geográfico como elemento de entrada Dibujantes alemanes
9 (RLIN) 10287
902 ## - CATALOGADOR
Iniciales GFM
942 ## - ELEMENTOS DE PUNTO DE ACCESO ADICIONAL (KOHA)
Fuente del sistema de clasificación o colocación Library of Congress Classification
Tipo de ítem Koha Libros
Holdings
Estado de retiro Estado de pérdida Estado dañado No para préstamo Localización permanente Ubicación/localización actual Fecha de adquisición Número de inventario Total de préstamos Signatura topográfica completa Código de barras Fecha visto por última vez Precio válido a partir de Tipo de ítem Koha
El ejemplar forma parte de la colección y puede ser consultado según las políticas vigentes.       Biblioteca del Museo Franz Mayer (Rogerio Casas-Alatriste) Biblioteca del Museo Franz Mayer (Rogerio Casas-Alatriste) 16/10/2013 X89   ND588.B8 .B64 1958 (X89) 8416 22/03/2019 22/03/2019 Libros